| 000 | 00478nam a2200193 a 4500 | ||
|---|---|---|---|
| 001 | 1758450490059 | ||
| 003 | YourLibrary | ||
| 005 | 20250922114913.0 | ||
| 008 | 250921s1997##################000#0#eng## | ||
| 020 | _a9780716728504 | ||
| 082 | 0 | 4 |
_a155.2 _bBAN |
| 100 | 1 |
_aBandura, Albert, _eauthor. |
|
| 245 | 1 | 0 | _aSelf-Efficacy : |
| 260 |
_bMacmillan, _c1997. |
||
| 300 | _a628 pages | ||
| 650 | 0 | _aPsychology. | |
| 942 | _cENGLISH | ||
| 040 |
_aYourLibrary _beng _cYourLibrary |
||
| 999 |
_c588719 _d588719 |
||